| 000 | 01162cad a22002175a 4500 | ||
|---|---|---|---|
| 001 | L149309 | ||
| 008 | 090720s2009 xxk 000 0 eng u | ||
| 035 | _a(Sirsi) u149309 | ||
| 041 | 0 | _aeng | |
| 100 | 1 | _aDavies, Jeremy | |
| 245 | 0 | 0 |
_aInterest-free loans you can trust _binterest-free credit for energy-efficient refurbishments _h[electronic resource] |
| 260 | _c2010 | ||
| 490 | 4 |
_aThe Journal _bRICS Building Surveying Journal _vMarch/April 2010, 12-13(2) |
|
| 520 | _aReviews the Carbon Trust's Energy Efficiency Loan which offers up to £500,000 in interest-free finance for eligible companies (see panel) that wish to upgrade their buildings. This loan is available for a maximum four year term and is designed to be paid back through the energy bill savings made as a result of increasing the asset's energy efficiency. | ||
| 590 | _aKA | ||
| 651 | 4 |
_aUnited Kingdom _y |
|
| 690 | _aBUILT ENVIRONMENT-SUSTAINABLE CONSTRUCTION | ||
| 690 | _aENVIRONMENTAL AND LAND CONSULTANCY-SUSTAINABILITY | ||
| 856 | 4 | 1 |
_uhttps://www.rics.org/site/download_feed.aspx?fileID=5880&fileExtension=PDF _zView this item (member-only access) at www.rics.org |
| 942 | _n0 | ||
| 999 |
_c82126 _d82126 |
||